The Impact of Recent Crises on Kazakhstan‘s Mining Industry

Ťažobný a ťažobný priemysel je jedným z hlavných pilierov ekonomiky Kazachstanu. Podľa Národnej banky Kazachstanu (2023) tvorí priemysel približne 15 % HDP krajiny. Kazachstan je zdrojom 1,8 % svetových zásob ropy. Z pohľadu PZI je EÚ najväčším investičným partnerom. Ako člen Euroázijskej hospodársk...

Ausführliche Beschreibung

Gespeichert in:
Bibliographische Detailangaben
1. Verfasser: Korauš, Antonín
Weitere Verfasser: Schagerl, Christopher, 1984-, Gombár, Miroslav, Jančíková, Eva, 1960-
Format: Buchkapitel
Sprache:Englisch
Schlagworte:
Tags: Tag hinzufügen
Keine Tags, Fügen Sie das erste Tag hinzu!

MARC

LEADER 00000naa$a2200000$$$4500
001 0305356
005 20260122084747.3
041 0 |a eng 
044 |a GB 
245 1 0 |a The Impact of Recent Crises on Kazakhstan‘s Mining Industry  |c Antonín Korauš, Christopher Schagerl, Miroslav Gombár, Eva Jančíková 
520 |a Ťažobný a ťažobný priemysel je jedným z hlavných pilierov ekonomiky Kazachstanu. Podľa Národnej banky Kazachstanu (2023) tvorí priemysel približne 15 % HDP krajiny. Kazachstan je zdrojom 1,8 % svetových zásob ropy. Z pohľadu PZI je EÚ najväčším investičným partnerom. Ako člen Euroázijskej hospodárskej únie, ktorej dominuje Ruská federácia, je Rusko aj hlavným obchodným partnerom. Na druhej strane má krajina úzke väzby s Čínou, keďže mnohé prepravné cesty ťažobného východu smerom na konzumný západ vedú cez Kazachstan. V časoch krízy COVID-19, rusko-ukrajinského konfliktu a intenzívneho zamerania sa na závislosť od prírodných zdrojov a diverzifikáciu portfólia dodávok Kazachstan nedávno pritiahol zvýšenú medzinárodnú pozornosť. 
610 2 0 |a Kazachstan 
610 2 0 |a bane 
610 2 0 |a priemysel 
610 2 0 |a priemysel ťažobný 
610 2 0 |a ekonomika 
610 2 0 |a produkt domáci hrubý 
100 1 |a Korauš, Antonín 
700 1 |a Schagerl, Christopher, 1984- 
700 1 |a Gombár, Miroslav 
700 1 |a Jančíková, Eva, 1960-